000 00644nam a2200265Ia 4500
005 20260121170348.0
008 008 260114s9999 xx 000 0 eng d
020 _a9780817648152
037 _aEBOOK
040 _aCRL
040 _beng
040 _cCRL
041 _2eng
041 _aeng
084 _qCRL
100 _aShayne F. D. Waldron
_91062959
245 3 _aAn Introduction to Finite Tight Frames
260 _bSpringer
260 _bSpringer
260 _c2018
856 _uhttps://link.springer.com/openurl?genre=book&isbn=978-0-8176-4815-2
942 _cEBOOK
999 _c1628688
_d1628688